Every Premier League Player with the #1 Shirt (24/25) - Statistics

General Stats
  • This quiz has been taken 40 times
  • The average score is 13 of 16
Answer Stats
Hint Answer % Correct
Liverpool Alisson
97%
Everton Jordan Pickford
97%
Wolverhampton Wanderers José Sá
97%
Aston Villa Emi Martínez
91%
Chelsea Robert Sánchez
91%
Fulham Bernd Leno
85%
Tottenham Hotspur Guglielmo Vicario
85%
Crystal Palace Dean Henderson
82%
West Ham United Łukasz Fabiański
76%
Newcastle United Martin Dúbravka
76%
Brentford Mark Flekken
73%
Ipswich Town Arijanet Muric
67%
Brighton and Hove Albion Bart Verbruggen
67%
Leicester City Danny Ward
64%
Manchester United Altay Bayındır
61%
Southampton Alex McCarthy
52%
No matching quizzes found
Score Distribution
Percent of People with Each Score
Percentile by Number Answered
Your Score History
You have not taken this quiz